000 01886nam a2200445 c 4500
003 BLK
005 20250430103922.0
008 180411b bul|||||r ||||||| ||bul||
010 _aKNG00202942000
020 _a978-954-28-2047-5
_bиздат.: Сиела Норма - на том(т. 2)
040 _aBLK
041 _aBUL
_cBUL
072 7 _2bullib
_aН32
_xПолитика Н
080 _aШпионаж. Политическо влияние чрез тайни (разузнавателни) служби
_b327.84
_x
_z327.84
080 _aРазузнавателна служба. Тайна служба. Шпионаж. Разузнавателна информация. Вж и 327.84 ; 344.1
_b355.40
_x
_z355.40
100 1 _aБояджиев, Тодор Костов
_eпърви автор
_9375081
139 _aБояджиев, Тодор Костов
_bБ 73
245 1 0 _aНаръчник на шпионина
_bТ. 1 -
_cТодор Костов Бояджиев.
_nТ. 2
257 _aBGR
260 София
_c2016
300 _c23 см
380 _a3
500 _aСъдържа и за авт.
650 4 _aРазузнаване
_9168859
650 4 _aТайни служби
_9266564
650 4 _aШпионаж и диверсия
_9242689
653 _aразузнаване
653 _aтайни служби
653 _aшпионаж
653 _aтероризъм
653 _aпрестъпност
659 _aН
760 1 _3- на том(т. 2)
_aБояджиев, Тодор Костов
_dСиела Норма, 2016
_h324 с.
_nБиблиогр. с. 318-322.
_tТ. 2
852 _aЦб 284572
856 4 _qpdf
_u
856 4 _qpdf
_u
942 _cKNG
_n0
_08
944 _aCR
_c14.03.2017
_lЦветомила Тодорова
_k30576
944 _aED
_c17.03.2017
_lф /
_kЛюдмила_Стоянова
999 _c193720
_d193720